| 000 | 00492nam a22001697a 4500 | ||
|---|---|---|---|
| 003 | OSt | ||
| 005 | 20251022021508.0 | ||
| 008 | 251022b |||||||| |||| 00| 0 eng d | ||
| 020 | _a978-1-4767-5318-8 | ||
| 040 |
_aDWCL - Main Lib _cOC |
||
| 082 | _aFic. H776u 2014 | ||
| 100 | _aHoover, Colleen | ||
| 245 |
_aUgly love : _b A novel / _cColleen Hoover |
||
| 260 |
_aNew York : _bAtria Paperback, _cc2014. |
||
| 300 |
_a386 pages : _billustrations ; _c21 cm. |
||
| 942 |
_2ddc _cFIC. _mFic. _n0 |
||
| 999 |
_c4996 _d4996 |
||